000 00458nam a2200181Ia 4500
003 GCL
008 140319s9999 xx 000 0 eng d
040 _aGCL /
_cGCL
082 0 4 _a843
_bD F
100 1 _aDURKHEIN
245 1 0 _aLES FORMES ELEMENTOIRESDE LA VIE RELIGIEUSE /
_cDURKHEIN
260 _a[S.N] :
_bNO ،
_c1991
300 _a758 P
490 _aLE LIVRE DE POCHE
_v0
650 0 4 _aLITERATURE
650 0 4 _aFRENCH LITERATURE
942 _2ddc
_cBK
999 _c23018
_d23018